Исследование состава и источника органического вещества донных осадков в северо-западной части шельфа моря Лаптевых; Проблемы геологии и освоения недр; Т. 1

Xehetasun bibliografikoak
Parent link:Проблемы геологии и освоения недр=Problems of Geology and Subsurface Development: труды XXV Международного симпозиума имени академика М. А. Усова студентов и молодых учёных, посвященного 120-летию горногеологического образования в Сибири, 125-летию со дня основания Томского политехнического университета, Томск, 5-9 апреля 2021 г./ Национальный исследовательский Томский политехнический университет, Инженерная школа природных ресурсов ; гл. ред. Н. В. Гусева ; под ред. Е. Ю. Пасечник.— , 2021
Т. 1.— 2021.— [С. 131-132]
Erakunde egilea: Национальный исследовательский Томский политехнический университет Инженерная школа природных ресурсов Отделение геологии
Beste egile batzuk: Клеванцева Е. В. Елизавета Васильевна, Гершелис Е. В. Елена Владимировна, Гринько А. А. Андрей Алексеевич, Рубан А. С. Алексей Сергеевич
Gaia:Заглавие с экрана
Hizkuntza:errusiera
Argitaratua: 2021
Saila:Геология нефти и газа. Современные методы поисков и разведки углеводородного сырья
Gaiak:
Sarrera elektronikoa:http://earchive.tpu.ru/handle/11683/68661
Formatua: MixedMaterials Baliabide elektronikoa Liburu kapitulua
KOHA link:https://koha.lib.tpu.ru/cgi-bin/koha/opac-detail.pl?biblionumber=633478

MARC

LEADER 00000naa2a2200000 4500
001 633478
005 20260425135758.0
035 |a (RuTPU)RU\TPU\conf\35226 
035 |a RU\TPU\conf\35225 
090 |a 633478 
100 |a 20210923d2021 k y0rusy50 ca 
101 0 |a rus 
102 |a RU 
105 |a y z 100zy 
135 |a drcn ---uucaa 
181 0 |a i  
182 0 |a b 
200 1 |a Исследование состава и источника органического вещества донных осадков в северо-западной части шельфа моря Лаптевых  |f Е. В. Клеванцева, Е. В. Гершелис, А. А. Гринько, А. С. Рубан 
203 |a Текст  |c электронный 
225 1 |a Геология нефти и газа. Современные методы поисков и разведки углеводородного сырья 
300 |a Заглавие с экрана 
320 |a [Библиогр.: с. 132 (4 назв.)] 
461 1 |0 (RuTPU)RU\TPU\conf\35202  |t Проблемы геологии и освоения недр  |l Problems of Geology and Subsurface Development  |o труды XXV Международного симпозиума имени академика М. А. Усова студентов и молодых учёных, посвященного 120-летию горногеологического образования в Сибири, 125-летию со дня основания Томского политехнического университета, Томск, 5-9 апреля 2021 г.  |o в 2 т.  |f Национальный исследовательский Томский политехнический университет, Инженерная школа природных ресурсов ; гл. ред. Н. В. Гусева ; под ред. Е. Ю. Пасечник  |d 2021 
463 1 |0 (RuTPU)RU\TPU\conf\35203  |t Т. 1  |v [С. 131-132]  |d 2021 
610 1 |a труды учёных ТПУ 
610 1 |a электронный ресурс 
610 1 |a состав 
610 1 |a органические вещества 
610 1 |a донные осадки 
610 1 |a шельфы 
610 1 |a море Лаптевых 
610 1 |a осадконакопление 
701 1 |a Клеванцева  |b Е. В.  |c горный инженер-геолог  |c инженер-исследователь Томского политехнического университета  |f 1995-  |g Елизавета Васильевна  |3 (RuTPU)RU\TPU\pers\46824 
701 1 |a Гершелис  |b Е. В.  |c геолог  |c эксперт Томского политехнического университета  |f 1992-  |g Елена Владимировна  |3 (RuTPU)RU\TPU\pers\40698  |9 21331 
701 1 |a Гринько  |b А. А.  |c геохимик  |c инженер-исследователь Томского политехнического университета, кандидат химических наук  |f 1986-  |g Андрей Алексеевич  |3 (RuTPU)RU\TPU\pers\36887  |9 19916 
701 1 |a Рубан  |b А. С.  |c геолог  |c инженер Томского политехнического университета  |f 1991-  |g Алексей Сергеевич  |3 (RuTPU)RU\TPU\pers\33986  |9 17559 
712 0 2 |a Национальный исследовательский Томский политехнический университет  |b Инженерная школа природных ресурсов  |b Отделение геологии  |3 (RuTPU)RU\TPU\col\23542 
801 2 |a RU  |b 63413507  |c 20211029  |g RCR 
856 4 |u http://earchive.tpu.ru/handle/11683/68661 
942 |c BK